Countries With the Most Flight Destinations - Statistics

General Stats
  • This quiz has been taken 108 times
  • The average score is 13 of 15
Answer Stats
#Destinations Answer % Correct
95 United Kingdom
99%
85 United States
99%
70 China
98%
109 France
98%
95 Germany
98%
83 Spain
97%
88 Italy
96%
120 Turkey
94%
105 United Arab Emirates
87%
81 Netherlands
86%
85 Qatar
80%
71 Egypt
79%
73 Switzerland
77%
74 Belgium
75%
68 Ethiopia
53%
No matching quizzes found
Score Distribution
Percent of People with Each Score
Percentile by Number Answered
Your Score History
You have not taken this quiz